000 00477nam a2200169 4500
001 120094
003 ES-MaACL
005 20230906191449.0
007 t|
008 070214s1981 sp r ||||1| spa d
100 1 _aPiñón, Helio.
_992294
245 1 0 _aReflexión histórica de la arquitectura moderna /
_cHelio Piñón.
250 _a1ª ed.
260 _aBarcelona :
_bPenínsula,
_c1981.
300 _a179 p. :
_bil. ;
_c19 cm.
852 _aES-MaACL
_jL-1720
_bR.102131
999 _c120094
_d120094